Epitome cursûs theologici ad mentem D. Thomae Doctoris Angelici, complectens controversias omnes quae hac tempestate exagitari solent in scholis

Detalles Bibliográficos
Autor principal: Ferrer, Vicente 1675-1738
Formato: Libro
Lenguaje:Latin
Publicado: Valentiae 1720
Materias:
Colección:Banco de datos
Acervo:Biblioteca de la Congregación del Oratorio de San Felipe Neri de México. Iglesia La Profesa
Descripción Física:t. 8°
Tema general:Teología dogmática
Notas:Portada tipográfica con viñeta y pleca en grabado xilográfico. Texto a renglón seguido. Incluye cabecera de título en grabado xilográfico. Incluye capitulares floreadas en grabado xilográfico. Cada tomo con portada y numeración propias. Año del t. 1 publicado en 1720. Paginación: t. 1 [8] h., 496 p. Encuadernación en pergamino sobre cartón (122). Encuadernación en piel sobre cartón (4216). Ex libris manuscrito en la portada: "De el uso del Br. Ant. Gutierrz. Armengo" (4216). Daños de humedad y en la encuadernación (122). Daños de humedad (4216)
LEADER 01519nam a22001690004500
035 |a 86 
041 0 |a lat 
100 1 |a Ferrer, Vicente  |d 1675-1738 
245 1 0 |a Epitome cursûs theologici ad mentem D. Thomae Doctoris Angelici, complectens controversias omnes quae hac tempestate exagitari solent in scholis  |c edita in gratiam & juvamen studiosae juventutis a Fr. Vincentio Ferrer, almi ac regii Conventùs Praedicatorum Valentini, s. the. Praesentato, in Academia Valentina philos. mag. the. Doct. utriusque Faculatatis Censore, ac ethices cathedram Regente, S. Officii Qualificatore  
260 |a Valentiae  |b apud Antonium Bordazar, Civit. et S. Inquis. typographum  |c 1720 
300 |a  t.  |c 8°  
500 |a Portada tipográfica con viñeta y pleca en grabado xilográfico. Texto a renglón seguido. Incluye cabecera de título en grabado xilográfico. Incluye capitulares floreadas en grabado xilográfico. Cada tomo con portada y numeración propias. Año del t. 1 publicado en 1720. Paginación: t. 1 [8] h., 496 p. Encuadernación en pergamino sobre cartón (122). Encuadernación en piel sobre cartón (4216). Ex libris manuscrito en la portada: "De el uso del Br. Ant. Gutierrz. Armengo" (4216). Daños de humedad y en la encuadernación (122). Daños de humedad (4216) 
650 1 0 |a Teología dogmática 
949 |a Iglesia La Profesa, Biblioteca t. 1 (122, 4216) 
942 |c PROFESA 
943 |g Biblioteca de la Congregación del Oratorio de San Felipe Neri de México. Iglesia La Profesa 
999 |c 946897  |d 946897